Văn hoá dân gian bản làng ở xã Châu Quang
Khái quát chung về làng Châu Quang, đề cập đến tổ chức hành chính, tổ chức sản xuất kinh tế và các nghề truyền thống; tín ngưỡng, phong tục tập quán, văn học dân gian ở Châu Quang.
Đã lưu trong:
| Tác giả chính: | |
|---|---|
| Định dạng: | Sách |
| Năm xuất bản: |
Tp HCM
Thanh niên
2011
|
| Chủ đề: | |
| Tags: |
Thêm thẻ
Không có thẻ, Hãy là người đầu tiên gắn thẻ bản ghi này!
|
| LEADER | 00904nam a2200193 4500 | ||
|---|---|---|---|
| 082 | |a 398.0959742 |b QU105V | ||
| 100 | |a Quán Vi Miên | ||
| 245 | |a Văn hoá dân gian bản làng ở xã Châu Quang |c Quán Vi Miên, Sầm Phong | ||
| 260 | |a Tp HCM |b Thanh niên |c 2011 | ||
| 300 | |a 195 tr. |c 21 cm. | ||
| 520 | |a Khái quát chung về làng Châu Quang, đề cập đến tổ chức hành chính, tổ chức sản xuất kinh tế và các nghề truyền thống; tín ngưỡng, phong tục tập quán, văn học dân gian ở Châu Quang. | ||
| 653 | |a Văn hóa dân gian | ||
| 653 | |a Châu Quang | ||
| 653 | |a Quỳ Hợp | ||
| 653 | |a Nghệ An | ||
| 653 | |a Việt Nam | ||
| 942 | |2 ddc |c SH | ||
| 999 | |c 7823 |d 7823 | ||
| 952 | |0 0 |1 0 |2 ddc |4 0 |6 398_095974200000000_QU105V |7 0 |8 300 |9 68824 |a qbu |b qbu |c D2 |d 2015-03-23 |g 38000 |o 398.0959742 QU105V |p 8100.c1 |r 0000-00-00 |w 2015-03-23 |y SH |0 0 |6 398_095974200000000_QU105V | ||